[Event "TOP 16 Poule Haute"]
[Site "Le Port Marly FRA"]
[Date "2009.05.28"]
[Round "8"]
[White "Fargere,Fr"]
[Black "Dussol,P"]
[Result "1-0"]
[WhiteElo "2459"]
[BlackElo "2232"]

1.e4 g6 2.d4 Bg7 3.Nc3 d6 4.Be3 a6 5.Bd3 b5 6.Nf3 Nd7 7.e5 Bb7 8.e6 fxe6
9.Ng5 Nf8 10.O-O Nf6 11.f4 b4 12.Nce4 h6 13.Nxf6+ exf6 14.Bxg6+ Nxg6 15.Nxe6 Qe7
16.Qg4 Rg8 17.Rae1 Qf7 18.Bf2 Ne7 19.Nxc7+ Kd8 20.Ne6+ Ke8 21.Nc7+ Kd8 22.Ne6+ Ke8
23.Qd1 Kd7 24.f5 Bd5 25.Bg3 Rgc8 26.c3 Nxf5 27.Qa4+ Rc6 28.Rxf5 Bxe6 29.Rxe6 Kxe6
30.Qxc6 Kxf5 31.Qf3+ Kg6 32.Qxa8 bxc3 33.bxc3 Qxa2 34.Qe8+ Kh7 35.Qe4+ Kh8
36.h3 d5 37.Qe8+ Kh7 38.Kh2 Qc4 39.Qd7 Qxc3 40.Qf5+ Kh8 41.Qxd5 f5 42.Be5 Qe3
43.Qd8+ Kh7 44.Qc7 Qg5 45.Kh1 Kg8 46.Bxg7 Qxg7 47.Qc8+ Qf8 48.Qxa6 Kg7 49.Qe6 f4
50.Kg1 Qb8 51.d5 Qb1+ 52.Kh2 Qd3 53.Qe7+ Kg6 54.Qe6+ Kg7 55.Kg1 Qd4+ 56.Kf1 Qd3+
57.Kf2 Qg3+ 58.Kg1 Kh7 59.Qe7+ Kh8 60.d6 Qd3 61.d7  1-0

[Event "TOP 16 Poule Haute"]
[Site "Le Port Marly FRA"]
[Date "2009.05.28"]
[Round "8"]
[White "Meier,Geo"]
[Black "Svidler,P"]
[Result "1/2-1/2"]
[WhiteElo "2641"]
[BlackElo "2726"]

1.e4 g6 2.d4 Bg7 3.Nc3 d6 4.Be3 a6 5.h4 h5 6.Nh3 Bxh3 7.Rxh3 Nd7 8.Qd2 c5
9.O-O-O cxd4 10.Bxd4 Bxd4 11.Qxd4 Ngf6  1/2-1/2

[Event "Subic Open"]
[Site "Subic PHI"]
[Date "2009.05.28"]
[Round "5"]
[White "Arroyo,C"]
[Black "Castellano,Christo"]
[Result "1-0"]
[WhiteElo "2213"]
[BlackElo "2295"]

1.e4 g6 2.d4 Bg7 3.Nc3 d6 4.Be3 a6 5.a4 b6 6.Bc4 e6 7.Qd2 h6 8.Nge2 Bb7 9.Bb3 Ne7
10.f4 d5 11.e5 h5 12.a5 Nd7 13.Nd1 c5 14.axb6 c4 15.Ba4 O-O 16.c3 Bc6 17.b7 Ra7
18.Bc2 f5 19.exf6 Nxf6 20.Ng1 Ng4 21.Nf3 Bxb7 22.O-O Bc8 23.Ne5 Nxe3 24.Nxe3 Bxe5
25.fxe5 Nf5 26.Nxf5 exf5 27.b4 g5 28.Ra5 f4 29.Bd1 Rg7 30.Bf3 Bb7 31.Bxh5 g4
32.e6 Qf6 33.Bf7+ Rgxf7 34.exf7+ Rxf7 35.Raa1 Bc8 36.Rae1 Bd7 37.Re5 Kg7
38.Rxd5 Bc6 39.Rc5 Be4 40.g3 f3 41.Qg5+ Qg6 42.Qxg6+ Kxg6 43.Kf2 Rh7 44.Rh1 Kf6
45.Rxc4 Bd3 46.Rc6+ Kf5 47.Rc5+ Kf6 48.h4 Re7 49.Re1 Be2 50.Re5 Rc7 51.R1xe2 fxe2
52.Re3 a5 53.bxa5 Ra7 54.Kxe2 Rxa5 55.Re4  1-0

[Event "Doroshkevicha Mem"]
[Site "Belorechensk RUS"]
[Date "2009.05.29"]
[Round "7"]
[White "Kostrikina,A"]
[Black "Kondenko,A"]
[Result "0-1"]
[WhiteElo "2131"]
[BlackElo "2231"]

1.e4 g6 2.d4 Bg7 3.Nc3 d6 4.Be3 a6 5.Qd2 c6 6.f3 b5 7.Nge2 Nd7 8.a4 b4 9.Nd1 Rb8
10.Nf4 Ngf6 11.Nd3 Qa5 12.b3 c5 13.N3b2 cxd4 14.Bxd4 O-O 15.Nc4 Qc7 16.Be2 Bb7
17.O-O e5 18.Bb2 d5 19.exd5 Nxd5 20.Re1 Qc5+ 21.Kh1 Rbd8 22.Bf1 Rfe8 23.Qf2 Qc7
24.Nde3 Nc3 25.Nd1 e4 26.Nxc3 bxc3 27.Ba3 exf3 28.Rxe8+ Rxe8 29.gxf3 Qf4
30.Bg2 Bd4 31.Qg3 Qh6 32.Re1 Nf6 33.Rxe8+ Nxe8 34.Qe1 Bc6 35.Bc1 Qh5 36.Qe2 Nf6
37.Be3 Qc5 38.Qd3 Bxe3 39.Nxe3 Nd5 40.Nc4 h6 41.h3 Qf2 42.Qf1 Qg3 43.Qg1 Nf4
44.Qh2 Qe1+ 45.Qg1 Qe2 46.Qf1 Qxc2 47.Ne3 Qd2  0-1

[Event "TOP 16 Poule Haute"]
[Site "Le Port Marly FRA"]
[Date "2009.05.30"]
[Round "10"]
[White "Gaponenko,I"]
[Black "Dussol,P"]
[Result "1-0"]
[WhiteElo "2428"]
[BlackElo "2232"]

1.e4 g6 2.d4 Bg7 3.Nc3 d6 4.f4 a6 5.Nf3 b5 6.Bd3 Nd7 7.e5 c5 8.Ng5 cxd4 9.e6 f5
10.Nd5 Nc5 11.Nf7 Bxe6 12.Nxd8 Bxd5 13.O-O Rxd8 14.b4 Na4 15.c4 Nc3 16.Qb3 Bf7
17.Bd2 Ne4 18.Be1 Rc8 19.Rc1 Ngf6 20.Qa3 bxc4 21.Qa4+ Nd7 22.Qxa6 O-O 23.Rxc4 Ra8
24.Qb5 Ra3 25.Rc7 Rb8 26.Qxd7 Rxd3 27.Rc8+ Rxc8 28.Qxc8+ Bf8 29.b5 Bd5 30.b6 Nc5
31.Bb4 Nb7 32.Rc1 Kf7 33.Rc7 Rd1+ 34.Kf2 Rb1 35.a3 Rb2+ 36.Ke1 Nc5 37.Bxc5 dxc5
38.b7 Rb1+ 39.Kd2 Bh6 40.g3 c4 41.Rxe7+ Kxe7 42.Qc7+ Kf8 43.b8=Q+ Rxb8 44.Qxb8+ Ke7
45.Qc7+  1-0

[Event "3rd ENCI Limburg Open"]
[Site "Maastricht NED"]
[Date "2009.05.30"]
[Round "2"]
[White "Schlawin,M"]
[Black "Skutta,B"]
[Result "1-0"]
[WhiteElo "2316"]
[BlackElo "2130"]

1.e4 g6 2.d4 Bg7 3.Nc3 d6 4.Nf3 Nc6 5.d5 Nb8 6.Bf4 Nd7 7.Qd2 a6 8.Nd4 h6
9.Be2 Ngf6 10.O-O Nc5 11.f3 e5 12.dxe6 Nxe6 13.Nxe6 Bxe6 14.Rad1 Nh5 15.Be3 Qh4
16.Rf2 Qe7 17.f4 Nf6 18.h3 O-O-O 19.Bf3 Bd7 20.Qd4 Bc6 21.e5 dxe5 22.Qa7 Rxd1+
23.Nxd1 e4 24.Rd2 Nd7 25.Qa8+ Nb8 26.Ba7  1-0

[Event "3rd ENCI Limburg Open"]
[Site "Maastricht NED"]
[Date "2009.05.31"]
[Round "4"]
[White "Klein,Fe"]
[Black "Skutta,B"]
[Result "1/2-1/2"]
[WhiteElo "2288"]
[BlackElo "2130"]

1.e4 g6 2.d4 Bg7 3.Nc3 d6 4.Be3 a6 5.f4 Nf6 6.Nf3 b5 7.Bd3 Bb7 8.e5 Nd5 9.Nxd5 Bxd5
10.a4 b4 11.c4 bxc3 12.bxc3 Nd7 13.c4 Bxf3 14.Qxf3 c5 15.dxc5 dxe5 16.O-O O-O
17.Be4 exf4 18.Bxf4 Bxa1 19.Rxa1 Qc8 20.Bxa8 Qxa8 21.Qa3 Qc6 22.Bh6 Rc8  1/2-1/2

[Event "3rd ENCI Limburg Open"]
[Site "Maastricht NED"]
[Date "2009.05.31"]
[Round "5"]
[White "Dgebuadze,A"]
[Black "Larmuseau,Ma"]
[Result "1-0"]
[WhiteElo "2538"]
[BlackElo "2069"]

1.e4 d6 2.d4 g6 3.Nc3 Bg7 4.Be3 c6 5.Nf3 Nd7 6.h3 b5 7.Bd3 Nb6 8.O-O Nf6
9.a4 b4 10.Ne2 a5 11.Ng3 Qc7 12.Qd2 O-O 13.Bh6 Nfd7 14.Nh5 Bh8 15.Bxf8 Nxf8
16.Ng3 Ne6 17.c3 bxc3 18.bxc3 c5 19.Bb5 Bd7 20.Bxd7 Qxd7 21.d5 Nf8 22.Qc2 Qc7
23.Rab1 Nfd7 24.Rb5 c4 25.Rfb1 Ra6 26.Nd4 Nc5 27.Nge2 Bf6 28.Nc6 e6 29.Rxa5 Rxa5
30.Nxa5 Ncxa4 31.Rb4 Nc5 32.Nxc4 Nxc4 33.Rxc4 exd5 34.exd5 Qb7 35.Qd1 Qa6
36.Rb4 Qa2 37.g3 Kg7 38.h4 h5 39.Rf4 Be5 40.Rf3 Qc4 41.Nd4 Kg8 42.Nc6 Bxc3
43.Qc1 Ne4 44.Qh6 Bg7 45.Ne7+ Kf8 46.Nxg6+ Kg8 47.Ne7+ Kf8 48.Qe6 Bf6 49.Rxf6 Nxf6
50.Qxf6 Qe4 51.Nf5 Qe1+ 52.Kg2 Qe4+ 53.Kh2  1-0

[Event "3rd ENCI Limburg Open"]
[Site "Maastricht NED"]
[Date "2009.06.01"]
[Round "7"]
[White "Brandenburg,D"]
[Black "Larmuseau,Ma"]
[Result "1-0"]
[WhiteElo "2453"]
[BlackElo "2069"]

1.e4 d6 2.d4 g6 3.Nc3 Bg7 4.Be3 c6 5.h3 Nd7 6.g4 Qc7 7.Bg2 b5 8.a3 h5 9.g5 e6
10.Nge2 Ne7 11.O-O a6 12.f4 d5 13.f5 gxf5 14.exf5 Nxf5 15.Rxf5 exf5 16.Nf4 Nf8
17.Nxh5 Ne6 18.Nxg7+ Nxg7 19.Qf3 Nh5 20.Ne2 Be6 21.Nf4 Nxf4 22.Bxf4 Qb6 23.Be5 Rh7
24.Qf4 O-O-O 25.h4 Qa7 26.Kf2 Rg8 27.Bf1 Qe7 28.Bd3 Kb7 29.Rg1 Rg6 30.c3 Kb6
31.Be2 Kb7 32.h5 Rg8 33.h6 Bd7 34.Rg3 Rg6 35.Bh5 Re6 36.Re3 a5 37.Bf6 Re4
38.Bf3 Qe6 39.Bxe4 fxe4 40.Bd8 Qf5 41.Qxf5 Bxf5 42.Bf6 Kc7 43.Kg3 Kd7 44.Kf4 Ke6
45.Bg7 a4 46.Re1 Bg6 47.Rh1 Bf5 48.Rh2 Bg6 49.Rh4 Bf5 50.Ke3 Bg6 51.Rf4 Bf5
52.Kd2 Bg6 53.Kc1 Bh5 54.Rf6+ Kd7 55.Rf5 e3 56.Re5 e2 57.Kd2 Bg4 58.Ke1 Bh5
59.Kf2 Bg4 60.Re3 Bh5 61.Kg3 Kd8 62.Kf4 Kd7 63.Kf5 Bg6+ 64.Kf6 Bh5 65.Rxe2 Bxe2
66.Kxf7 Bd3 67.g6 Bc2 68.gxh7 Bxh7 69.Bf8  1-0

[Event "Copper State Int"]
[Site "Mesa USA"]
[Date "2009.06.02"]
[Round "8"]
[White "Pruess,D"]
[Black "Sarkar,J"]
[Result "0-1"]
[WhiteElo "2400"]
[BlackElo "2410"]

1.e4 g6 2.d4 Bg7 3.Nc3 d6 4.f4 a6 5.Nf3 b5 6.Bd3 Nd7 7.a4 b4 8.Ne2 e6 9.c4 c5
10.d5 exd5 11.exd5 Ne7 12.g4 h5 13.gxh5 Rxh5 14.Ng3 Rh8 15.Qe2 Nf6 16.f5 gxf5
17.Bf4 Kf8 18.O-O-O b3 19.h4 Ne4 20.Bxe4 fxe4 21.Nxe4 Bf5 22.Nxd6 Bc2 23.Rde1 Ng6
24.Qe3 Qd7 25.Rhf1 Qxa4 26.Be5 Nxe5 27.Nxe5 Qa1+ 28.Kd2 Qxb2 29.Rxf7+ Kg8
30.Qc3 Qxc3+ 31.Kxc3 Rxh4 32.Rg1 Rh7 33.Rc7 Rf8 34.Kd2 a5 35.Rxc5 Rh2+ 36.Kc3 Rf3+
37.Kb2 Bg6+  0-1

[Event "59th ch-RUS w HL"]
[Site "Voronezh RUS"]
[Date "2009.06.02"]
[Round "2"]
[White "Manakova,M"]
[Black "Ogloblina,L"]
[Result "1-0"]
[WhiteElo "2303"]
[BlackElo "2116"]

1.e4 g6 2.d4 Bg7 3.Nc3 d6 4.Be3 Nf6 5.f3 c6 6.Qd2 b5 7.Bh6 Bxh6 8.Qxh6 b4
9.Nd1 Qa5 10.Qd2 Nbd7 11.Ne3 Rb8 12.a3 c5 13.Nc4 Qc7 14.axb4 Rxb4 15.dxc5 dxc5
16.Bd3 O-O 17.b3 Rd8 18.Ne2 Nb8 19.Qg5 Kg7 20.O-O h6 21.Qe5 Qxe5 22.Nxe5 Nfd7
23.Nxd7 Rxd7 24.Ra5 Rc7 25.Nc3 Be6 26.Nb5 Rd7 27.Nxa7 c4 28.bxc4 Bxc4 29.c3 Rb2
30.Bxc4 Rdd2 31.Rfa1 Rxg2+ 32.Kf1 Rbf2+ 33.Ke1 Rxf3 34.Bf1 Re3+ 35.Kd1 Rf2
36.Bb5 Rxh2 37.R1a2 Rh1+ 38.Kd2 Rxe4 39.Kd3 f5 40.Be8 Rh3+ 41.Kc2 Rc4 42.R2a3 Rc7
43.Rd5 f4 44.Rd8 Rb7 45.Nb5 f3 46.Kd3 f2+ 47.Ke2 Rf3 48.Kf1 Rf8 49.c4 Rb6
50.Ra2 Nc6 51.Rc8 Ne5 52.Rxf2 Nxc4 53.Rxf8 Kxf8 54.Bd7+ Kf7 55.Rxc4 Rf6+
56.Kg2 h5 57.Rc5 Kg7 58.Re5 Kf7 59.Kg3 Rb6 60.Kh4 Kf6 61.Rc5 e6 62.Rc7 Rb8
63.Rc8 Rb6 64.Re8 e5 65.Rc8 Ke7 66.Bc6 e4 67.Re8+ Kf6 68.Nd4 Rb2 69.Re6+ Kg7
70.Bxe4 Rb4 71.Rxg6+ Kf7 72.Rd6 Ke7 73.Nc6+  1-0

[Event "1st SCS GM Open"]
[Site "Bhubaneswar IND"]
[Date "2009.06.08"]
[Round "2"]
[White "Sahoo,U"]
[Black "Zinchenko,Ya"]
[Result "1/2-1/2"]
[WhiteElo "2222"]
[BlackElo "2531"]

1.e4 d6 2.d4 g6 3.Nc3 Bg7 4.Bg5 Nd7 5.Qd2 c5 6.Nf3 a6 7.Be2 b5 8.O-O Bb7
9.d5 Ngf6 10.Qe3 O-O 11.Nd2 e6 12.dxe6 fxe6 13.Qh3 Qe8 14.Qh4 d5 15.exd5 exd5
16.Rae1 Qf7 17.f4 d4 18.Nd1 Rae8 19.c4 Bc6 20.Bd3 Rxe1 21.Rxe1 Re8 22.b3 Rxe1+
23.Qxe1 Nh5 24.Qf1 h6 25.g4 hxg5 26.gxh5 gxf4 27.hxg6 Qe6 28.Nf2 Ne5 29.Be4 bxc4
30.bxc4 Bxe4 31.Nfxe4 f3 32.Nxc5 Qxg6+ 33.Kh1 Qg5 34.Nce4 Qf4 35.Qh3 f2 36.Qc8+ Kh7
37.Qh3+ Bh6 38.c5 a5 39.Qg2 Qf5 40.Nf1 Be3 41.Neg3 Qg6 42.Qe4 Nc6 43.Qxg6+ Kxg6
44.Kg2 Ne5 45.Nh1 Nd3 46.c6 Ne1+ 47.Kh3 Bf4 48.Nxf2 Kf5 49.Ng3+ Ke6 50.Ne2 Be5
51.Nc1 Kd5 52.Ncd3 Nxd3 53.Nxd3 Bd6 54.Kg2 Kxc6 55.h4 Kd5 56.Kf3 Be7 57.h5 Bg5
58.Nf2 a4 59.Ke2 Kc4 60.Kd1 d3 61.Ng4 Kc3 62.h6 Bxh6 63.Nxh6 Kb2 64.Ng4 Kxa2
65.Ne5 Kb3 66.Nxd3 a3 67.Nc1+ Kb2 68.Nd3+ Kb3 69.Nc1+  1/2-1/2

[Event "XLIV Capablanca Memorial Open"]
[Site "Havana CUB"]
[Date "2009.06.10"]
[Round "3"]
[White "Lorenzana,W"]
[Black "Almeida Quintana,O"]
[Result "0-1"]
[WhiteElo "2215"]
[BlackElo "2516"]

1.e4 g6 2.d4 d6 3.Nc3 Bg7 4.Be3 a6 5.f4 b5 6.Bd3 Nd7 7.Nf3 Bb7 8.e5 c5 9.Be4 Qc8
10.Qd3 Nh6 11.Bxb7 Qxb7 12.dxc5 dxe5 13.Qd5 Qxd5 14.Nxd5 Rc8 15.O-O-O Nf5
16.Bf2 exf4 17.Nxf4 Nxc5 18.g4 Ne4 19.Bb6 Nfd6 20.Nd5 e6 21.Nc7+ Ke7 22.Nd4 Nc4
23.Nc6+ Kf8 24.Rdf1 Bxb2+ 25.Kd1 Kg7 26.Rxf7+ Kxf7 27.Rf1+ Bf6  0-1

[Event "XLIV Capablanca Memorial Open"]
[Site "Havana CUB"]
[Date "2009.06.12"]
[Round "5"]
[White "Prasca Sosa,R"]
[Black "Almeida Quintana,O"]
[Result "1/2-1/2"]
[WhiteElo "2415"]
[BlackElo "2516"]

1.e4 g6 2.d4 d6 3.Nc3 Bg7 4.Nf3 a6 5.a4 Bg4 6.Be2 Nd7 7.Be3 c5 8.d5 Bxf3
9.gxf3 Qa5 10.Bd2 Ngf6 11.Qc1 O-O 12.Nd1 Qc7 13.c4 e6 14.Nc3 Rfe8 15.Kf1 exd5
16.exd5 Qc8 17.h3 Re7 18.Qc2 Qf8 19.f4 Ne8 20.Kg2 Bd4 21.Rhe1 Ng7 22.Bd3 f5
23.Ne2 Bf6 24.Ng1 Rae8 25.Nf3 Nh5 26.Rxe7 Rxe7 27.a5 Qh6 28.Qc1 Qf8 29.Ra3 Qc8
30.Rb3 h6 31.Qc2 Rf7 32.Kf1 Bd8 33.Be2 Ndf6 34.Ra3 Ne4 35.Be3 Rf8 36.Nd2 Nhf6
37.Nxe4 Nxe4 38.Bf3 Re8 39.Ra1 Qc7 40.Kg2 Qg7 41.Kh2 Bf6 42.Rg1 Re7 43.Bh5 g5
44.f3 Ng3 45.Rxg3 Rxe3 46.Qxf5 Re2+ 47.Rg2 Rxg2+ 48.Kxg2 gxf4+ 49.Kf1 Qe7
50.Qg6+ Qg7 51.Qe8+ Qf8 52.Qd7 Qe7 53.Qc8+ Kg7 54.Qg4+ Kh8 55.Qxf4 Bg5 56.Qf5 Bh4
57.Qe6 Qxe6 58.dxe6 Kg7 59.f4 Bd8 60.Bf3 Kf6 61.Bxb7 Kxe6 62.Bxa6 Bxa5 63.Bc8+ Kf6
64.Ke2 Bb4 65.Ke3 Ba5 66.Ke4  1/2-1/2

[Event "TCh-BUL w"]
[Site "Sunny Beach BUL"]
[Date "2009.06.12"]
[Round "5"]
[White "Yordanova,S"]
[Black "Benderac,A"]
[Result "1/2-1/2"]
[WhiteElo "2220"]
[BlackElo "2322"]

1.e4 g6 2.d4 Bg7 3.Nc3 d6 4.Be3 c6 5.a4 Nf6 6.h3 O-O 7.Nf3 Qc7 8.Be2 e5 9.dxe5 dxe5
10.O-O a5 11.Nd2 Be6 12.Nc4 Nbd7 13.Qd6 Qxd6 14.Nxd6 b6 15.Rfd1 Rfd8 16.Nc4 Bxc4
17.Bxc4 Bf8 18.f3 Bc5 19.Kf2 Kf8 20.Rd2 Bxe3+ 21.Kxe3 Nc5 22.Rad1 Rxd2 23.Rxd2 Ke7
24.b3 Ne8 25.g3 Nd6 26.Bd3 f6 27.h4 h6 28.Bf1 Rd8 29.Be2 Ndb7 30.Rxd8 Nxd8  1/2-1/2

[Event "13th Master Open"]
[Site "Voronezh RUS"]
[Date "2009.06.13"]
[Round "2"]
[White "Stukopin,A"]
[Black "Tseshkovsky,V"]
[Result "0-1"]
[WhiteElo "2380"]
[BlackElo "2554"]

1.e4 g6 2.d4 Bg7 3.Nc3 d6 4.Be3 a6 5.Qd2 b5 6.f3 Bb7 7.Nh3 Nd7 8.a4 b4 9.Nd1 c5
10.c3 bxc3 11.bxc3 Ngf6 12.a5 O-O 13.Be2 cxd4 14.cxd4 e5 15.d5 Nh5 16.Rb1 Bc8
17.O-O Nc5 18.Nhf2 Nf4 19.Re1 Nxe2+ 20.Rxe2 Bd7 21.Bxc5 dxc5 22.Qa2 Rb8 23.Rxb8 Qxb8
24.Rb2 Qc7 25.Rb6 c4 26.Qa3 Rc8 27.Nc3 Qd8 28.d6 Bf8 29.Qb4 Bc6 30.Qxc4 Bb5
31.Qb4 Rc4 32.Qa3 Qc8 33.Nfd1 Rd4 34.Ne3 Rxd6 35.Rxd6 Bxd6 36.Qb3 Bc5 37.Nxb5 axb5
38.Kf2 Qa6 39.Kg3 Qxa5 40.Ng4 Qe1+ 41.Kh3 Be7 42.Nh6+ Kh8 43.g3 Qc1 44.Nxf7+ Kg7  0-1

[Event "1st SCS GM Open"]
[Site "Bhubaneswar IND"]
[Date "2009.06.14"]
[Round "10"]
[White "Sengupta,D"]
[Black "Arun,Ka"]
[Result "1-0"]
[WhiteElo "2466"]
[BlackElo "2296"]

1.e4 d6 2.d4 g6 3.Nc3 Bg7 4.Bg5 Nf6 5.Qd2 O-O 6.O-O-O c6 7.h4 b5 8.f3 b4
9.Nce2 Qa5 10.Kb1 Be6 11.Nc1 Nbd7 12.Bh6 Nb6 13.Bxg7 Kxg7 14.Nb3 Bxb3 15.cxb3 h5
16.Nh3 Nbd7 17.Ng5 e5 18.g4 Rad8 19.Be2 Qb6 20.dxe5 dxe5 21.Bc4 Nc5 22.Qe2 hxg4
23.fxg4 Rxd1+ 24.Rxd1 Rd8 25.Rh1 Rd4 26.h5 gxh5 27.gxh5 Ncxe4 28.h6+ Kh8
29.Nxf7+ Kh7 30.Rg1 Ne8 31.Bd3  1-0

[Event "Open"]
[Site "Brescia ITA"]
[Date "2009.06.14"]
[Round "9"]
[White "Rasmussen,A"]
[Black "Sulava,N"]
[Result "1-0"]
[WhiteElo "2501"]
[BlackElo "2521"]

1.e4 g6 2.d4 Bg7 3.Nc3 d6 4.Nge2 Nf6 5.h3 Nc6 6.Be3 e5 7.g4 d5 8.dxe5 Nxe5
9.Bg2 O-O 10.exd5 Nc4 11.Bc1 h5 12.Qd3 Nd6 13.Bg5 hxg4 14.O-O-O Bf5 15.Qd4 gxh3
16.Bxh3 Bxh3 17.Rxh3 Nf5 18.Qd3 Re8 19.Rdh1 Qd6 20.f3 Qb6 21.b3 Qa5 22.Ne4 Nxd5
23.Qxd5 Qxd5 24.Nf6+ Kf8 25.Nxd5 f6 26.Bd2 Rad8 27.Ndc3 Kf7 28.Ne4 g5 29.N2c3 Kg6
30.Rg1 Nd4 31.Rg2 Rh8 32.Rxh8 Rxh8 33.f4 Nf3 34.fxg5 f5 35.Nf6 Rh1+ 36.Nd1 Bf8
37.c3 Bd6 38.Nd5 Rf1 39.Ne3 Rh1 40.Nd5 Rf1 41.Ne3 Rh1 42.Nc4 Nxd2 43.Nxd6 Nf1
44.Nf2 Rh5 45.Nxb7 Ne3 46.Rg1 Rh2 47.Nd1 Ng4 48.a4 Ne5 49.Nc5 f4 50.Rf1 f3
51.Ne4 Kf5 52.Ndf2  1-0

[Event "TCh-BUL w"]
[Site "Sunny Beach BUL"]
[Date "2009.06.14"]
[Round "7"]
[White "Arutyunova,D"]
[Black "Benderac,A"]
[Result "1-0"]
[WhiteElo "2264"]
[BlackElo "2322"]

1.e4 g6 2.d4 Bg7 3.Nc3 d6 4.Be3 c6 5.Qd2 Qa5 6.O-O-O b5 7.Kb1 b4 8.Nce2 Nf6
9.f3 h5 10.h4 Qb6 11.Nc1 a5 12.Nh3 Na6 13.Nf4 Nc7 14.Re1 Qb7 15.Bc4 d5 16.exd5 cxd5
17.Bf1 Bf5 18.Nfd3 Ne6 19.Nc5 Nxc5 20.dxc5 O-O 21.Bd4 Rfc8 22.Bd3 Bxd3 23.cxd3 a4
24.g4 hxg4 25.h5 b3 26.a3 g5 27.h6 e5 28.Qxg5 Ne8 29.hxg7  1-0

[Event "TCh-BUL"]
[Site "Sunny Beach BUL"]
[Date "2009.06.14"]
[Round "7"]
[White "Drenchev,P"]
[Black "Nevednichy,V"]
[Result "1/2-1/2"]
[WhiteElo "2450"]
[BlackElo "2585"]

1.d4 g6 2.e4 Bg7 3.Nc3 d6 4.g3 Nc6 5.Be3 Nf6 6.h3 O-O 7.Bg2 e5 8.Nge2 exd4
9.Nxd4 Bd7 10.O-O Re8 11.Kh2 a6 12.a4 Nb4 13.Nd5 Nbxd5 14.exd5 Re5 15.Ne2 Qf8
16.Bd4 Re7 17.c4 Ne4 18.a5 Rae8 19.Bxg7 Qxg7 20.Nd4 Qh6 21.Qc1 Qh5 22.Ra3 Ng5
23.h4 Ne4 24.f3 Qe5 25.fxe4 Qxd4 26.Qc3 Qxc3 27.Rxc3 f5 28.Rb3 fxe4 29.Rxb7 Bg4
30.Bh3 Bxh3 31.Kxh3 e3 32.Kg2 e2 33.Re1 Kf7 34.b4 Kf6 35.b5 Kf5 36.bxa6 Kg4
37.a7 Re3 38.Rb8 Rxg3+ 39.Kf2 Rf3+ 40.Kg2 Rg3+ 41.Kf2 Rf3+ 42.Kg2  1/2-1/2

[Event "XLIV Capablanca Memorial Open"]
[Site "Havana CUB"]
[Date "2009.06.15"]
[Round "7"]
[White "Delgado,H"]
[Black "Almeida Quintana,O"]
[Result "0-1"]
[WhiteElo "2385"]
[BlackElo "2516"]

1.e4 g6 2.d4 Bg7 3.Nc3 d6 4.Nf3 a6 5.a4 Bg4 6.Be2 Nd7 7.O-O c5 8.Be3 Rc8
9.h3 Bxf3 10.Bxf3 cxd4 11.Bxd4 Bxd4 12.Qxd4 Ne5 13.Be2 Nf6 14.Rfc1 g5 15.Nd5 Nfd7
16.a5 h5 17.Ne3 Nc5 18.b4 Ne6 19.Qd2 Nf4 20.Nd5 Nxe2+ 21.Qxe2 g4 22.Ra3 Rc4
23.b5 Rg8 24.bxa6 bxa6 25.Nb6 Rc5 26.Qxa6 e6 27.Qe2 gxh3 28.Rxh3 Rxa5 29.Rb1 Ng6
30.Rg3 h4 31.Rc3 Nf4 32.Qf3 Rxg2+ 33.Kh1 Qxb6 34.Qxf4 Rxf2 35.Qc1 Rb5  0-1

[Event "XXVII Open A"]
[Site "Balatonlelle HUN"]
[Date "2009.06.16"]
[Round "4"]
[White "Meszaros,T"]
[Black "Bednay,B"]
[Result "1-0"]
[WhiteElo "2434"]
[BlackElo "2200"]

1.e4 g6 2.d4 Bg7 3.Nc3 d6 4.Be3 b6 5.Qd2 Ba6 6.O-O-O Bxf1 7.Rxf1 c5 8.Nge2 Nc6
9.d5 Na5 10.b3 b5 11.Nxb5 Rb8 12.Nbc3 Qb6 13.f3 Nc4 14.bxc4 Qb2+ 15.Kd1 Qa1+
16.Qc1 Bxc3 17.Qxa1 Bxa1 18.Kd2 Bg7 19.Rb1 Ra8 20.Rb7 Nf6 21.Rhb1 Nd7 22.f4 Kd8
23.a4 Nb6 24.a5 Nxc4+ 25.Kd3 Nxa5 26.R7b5 c4+ 27.Kd2 c3+ 28.Kd3  1-0

[Event "Open"]
[Site "Teplice CZE"]
[Date "2009.06.16"]
[Round "4"]
[White "Novosadova,K"]
[Black "Lukman,R"]
[Result "0-1"]
[WhiteElo "2043"]
[BlackElo "2254"]

1.e4 g6 2.d4 Bg7 3.Nc3 d6 4.Be3 c6 5.Qd2 b5 6.Nf3 a6 7.Rd1 Bg4 8.Ne2 Nd7
9.h3 Bxf3 10.gxf3 Ngf6 11.Bg2 Rc8 12.f4 O-O 13.Ng3 Qc7 14.O-O c5 15.d5 c4
16.c3 Nc5 17.f5 Kh8 18.Kh1 Nd3 19.b4 a5 20.a3 axb4 21.axb4 Ra8 22.Ra1 Nd7
23.f4 Rxa1 24.Rxa1 Nb6 25.Bf1 Na4 26.Ra3 Rc8 27.Bxd3 cxd3 28.Qxd3 Qc4 29.Qd1 Nxc3
30.Qg4 Rg8 31.fxg6 fxg6 32.f5 gxf5 33.Qxf5 Rf8 34.Qg4 Be5 35.Bd2 Rg8 36.Qe6 Nxe4  0-1

[Event "13th Master Open"]
[Site "Voronezh RUS"]
[Date "2009.06.16"]
[Round "5"]
[White "Aldokhin,I"]
[Black "Novikov,St1"]
[Result "1/2-1/2"]
[WhiteElo "2345"]
[BlackElo "2540"]

1.e4 d6 2.d4 g6 3.Nc3 Bg7 4.Be3 c6 5.Qd2 b5 6.f3 Qc7 7.Nge2 Nd7 8.g4 Nb6
9.Ng3 b4 10.Nd1 c5 11.c3 bxc3  1/2-1/2

[Event "13th FIDE Open"]
[Site "Voronezh RUS"]
[Date "2009.06.16"]
[Round "5"]
[White "Dubov,Danil"]
[Black "Filippov,Vl"]
[Result "1-0"]
[WhiteElo "2125"]
[BlackElo "1962"]

1.e4 g6 2.d4 Bg7 3.Nc3 d6 4.f4 Nf6 5.Be3 O-O 6.Nf3 a6 7.Qd2 b5 8.Bd3 Bb7
9.a3 d5 10.e5 Ne4 11.Bxe4 dxe4 12.Ng5 e6 13.h4 Nd7 14.h5 h6 15.Ngxe4 Nb6
16.Nc5 Nc4 17.Nxb7 Nxd2 18.Nxd8 Nc4 19.Nxe6 Nxe3 20.Nxf8 Nxc2+ 21.Kd2 Nxa1
22.Nxg6 fxg6 23.Rxa1 gxh5 24.Rh1 c6 25.Rxh5 a5 26.Ne4 b4 27.a4 b3 28.f5 Bf8
29.f6 Kf7 30.Rh3 Rb8 31.Rc3 Ke6 32.Kd3 Kd5 33.Rc4 Rb6 34.Nc5 h5 35.Nd7  1-0

[Event "13th Master Open"]
[Site "Voronezh RUS"]
[Date "2009.06.17"]
[Round "6"]
[White "Airapetian,G"]
[Black "Solodovnichenko,Y"]
[Result "0-1"]
[WhiteElo "2369"]
[BlackElo "2564"]

1.e4 g6 2.d4 Bg7 3.Nc3 d6 4.Bg5 a6 5.Qd2 Nd7 6.f4 b5 7.Nf3 Bb7 8.Bd3 c5 9.O-O cxd4
10.Nd5 Ngf6 11.Nxe7 Qxe7 12.e5 dxe5 13.fxe5 O-O 14.exf6 Bxf6 15.Bxf6 Qxf6
16.Qb4 Ne5 17.Nxe5 Qxe5 18.Rae1 Qg5 19.Be4 Bxe4 20.Rxe4 Rac8 21.Re2 Rce8
22.Qd2 Qd5 23.Ref2 Re7 24.a3 Rfe8 25.h3 Kg7 26.Qa5 f5 27.a4 Re6 28.axb5 axb5
29.Rd1 Re4 30.Qb4 Qe5 31.Qd2 Rd8 32.Qg5 Rd7 33.Rdf1 Rf7 34.Qd2 Rd7 35.Qg5 h6
36.Qd2 Kh7 37.Qa5 f4 38.Qa8 Kg7 39.Qc8 Rf7 40.Qd8 g5 41.Qc8 Re3 42.Qg4 Rf5
43.Ra1 Rf7 44.Raf1 Re4 45.Qh5 Re1 46.Qf3 Ra7 47.Rxe1 Qxe1+ 48.Rf1 Qe3+ 49.Kh2 Qxf3
50.Rxf3 Rc7 51.Rf2 Kf6 52.g3 Kf5 53.Kg2 b4 54.Rd2 b3 55.cxb3 Ke4 56.Re2+ Kd3
57.Re6 Kc2 58.gxf4 d3 59.fxg5 d2 60.Rd6 hxg5 61.Kg3 d1=Q 62.Rxd1 Kxd1 63.Kg4 Rc5  0-1

[Event "Open"]
[Site "Teplice CZE"]
[Date "2009.06.18"]
[Round "6"]
[White "Steinhauser,D"]
[Black "Thonig,M"]
[Result "1-0"]
[WhiteElo "1911"]
[BlackElo "1719"]

1.e4 g6 2.d4 Bg7 3.Nc3 d6 4.Be3 c6 5.Qd2 Nd7 6.f3 Qc7 7.h4 b5 8.a3 h5 9.Be2 Ngf6
10.O-O-O a5 11.g4 b4 12.Nb1 hxg4 13.e5 dxe5 14.h5 Nxh5 15.fxg4 Ng3 16.Rxh8+ Bxh8
17.Bc4 Ne4 18.Qh2 Bg7 19.Qh7 Bf8 20.Qxf7+ Kd8 21.dxe5 Qxe5 22.Bb6+  1-0

[Event "Open"]
[Site "Teplice CZE"]
[Date "2009.06.18"]
[Round "6"]
[White "Vondra,Z"]
[Black "Lukman,R"]
[Result "1/2-1/2"]
[WhiteElo "2155"]
[BlackElo "2254"]

1.d4 g6 2.e4 Bg7 3.Nc3 d6 4.f4 Nf6 5.e5 dxe5 6.fxe5 Nd5 7.Nf3 O-O 8.Bc4 Be6
9.Bxd5 Bxd5 10.Nxd5 Qxd5 11.Qe2 b5 12.c3 Nd7 13.O-O a6 14.b3 f5 15.c4 bxc4
16.bxc4 Qe4 17.Qd2 Nb6 18.Qc3 Qc6 19.Bg5 Rf7 20.Rfc1 h6 21.d5 Qe8 22.Be3 Nd7
23.Bd4 e6 24.Rab1 g5 25.Re1 c5 26.dxc6 Nb8 27.Bc5 Qxc6 28.Qb4 Qe8 29.Nd4 Nc6
30.Nxc6 Qxc6 31.Bd6 f4 32.c5 f3 33.gxf3 Qxf3 34.Qe4 Qf2+ 35.Kh1 Rc8 36.Re2 Qf4
37.Qxf4 gxf4 38.Rc2 Rf5 39.c6 Bxe5 40.Bxe5 Rxe5 41.c7 Rf5 42.Rb6  1/2-1/2

[Event "Oceania Zonal"]
[Site "Gold Coast AUS"]
[Date "2009.06.20"]
[Round "2"]
[White "Yuan Yi"]
[Black "Hernandez,Rob PLW"]
[Result "1-0"]
[WhiteElo "2010"]
[BlackElo "1830"]

1.e4 g6 2.d4 Bg7 3.Nc3 d6 4.Be3 Nf6 5.Nf3 O-O 6.Qd2 Ng4 7.Bg5 f6 8.Bf4 e5
9.Bc4+ Kh8 10.Bg3 Nc6 11.h3 exd4 12.Nxd4 Nxd4 13.hxg4 c5 14.O-O-O Bxg4 15.f3 Bh5
16.Bf2 f5 17.Bxd4 cxd4 18.Nd5 Rc8 19.Bb3 d3 20.exf5 Rxf5 21.Qxd3 Qg5+ 22.Qd2 Qxd2+
23.Rxd2 Bh6 24.Ne7 Re8 25.Nxf5 gxf5 26.Kd1 Bxd2 27.Kxd2 Bg6 28.Rh4 Kg7 29.Ra4 a6
30.Rd4 Rd8 31.Bd5 b5 32.Bb7 a5 33.Bc6 b4 34.Rd5 Kf6 35.Rxa5 Kg5 36.Rb5 Kf4
37.g4 fxg4 38.Rxb4+ Ke5 39.Rxg4 Rc8 40.Be4 Kf6 41.Bxg6 hxg6 42.c4 Ra8 43.a3 Ra5
44.Rd4 Ke6 45.Rd5 Rxd5+ 46.cxd5+ Kxd5 47.a4 Kc4 48.a5 Kb5 49.b4 g5 50.Kd3 d5
51.Kd4 Kc6 52.a6 Kb6 53.b5 Ka7 54.Kxd5 Kb6 55.Kd6 Ka7 56.Kc7 g4 57.fxg4 Ka8
58.g5 Ka7 59.g6 Ka8 60.g7 Ka7 61.Kc6  1-0

[Event "Oceania Zonal"]
[Site "Gold Coast AUS"]
[Date "2009.06.21"]
[Round "4"]
[White "Illingworth,M"]
[Black "Chan,Jas"]
[Result "1-0"]
[WhiteElo "2243"]
[BlackElo "2056"]

1.d4 g6 2.e4 Bg7 3.Nc3 d6 4.h3 Nf6 5.Nge2 O-O 6.g4 c5 7.dxc5 dxc5 8.Qxd8 Rxd8
9.Be3 Nc6 10.f4 b6 11.e5 Ne8 12.Bg2 Bb7 13.Kf2 Nc7 14.Rhd1 Kf8 15.h4 Ke8
16.Be4 Na5 17.b3 Bxe4 18.Nxe4 Nc6 19.c3 Rd5 20.c4 Rdd8 21.N2c3 Nb4 22.Ke2 Nc2
23.Rac1 Rxd1 24.Rxd1 Ne6 25.Nd5 Rc8 26.Rd2 Ncd4+ 27.Bxd4 Nxd4+ 28.Kd3 Rc6
29.b4 Ne6 30.f5 gxf5 31.gxf5 Nf8 32.b5 Rh6 33.f6 exf6 34.exf6 Bh8 35.Nd6+ Kd7
36.Nxf7 Rxh4 37.Nxh8 Rd4+ 38.Ke3 Rxd2 39.Kxd2 Ke6 40.Ke3 Nd7 41.f7 Ke5 42.f8=Q Nxf8
43.Nf7+ Ke6 44.Nd8+ Kd6 45.Nc6 a6 46.Nxb6 axb5 47.cxb5 Ne6 48.a4 Nc7 49.Ke4 h5
50.Nc4+ Kd7 51.N6e5+ Ke6 52.b6 Na6 53.a5 h4 54.Ng6 h3 55.Nf4+ Kd7 56.Kf3 Kc6
57.Nd3 Kb7 58.Kg3 Nb8 59.Nxc5+ Kc6 60.a6 Nxa6 61.Nxa6 Kb5 62.b7  1-0